<?xml version="1.0" encoding="UTF-8"?>
<marc:record xmlns:marc="http://www.loc.gov/MARC21/slim">
   <marc:leader>00000nam a2200000 a 4500</marc:leader>
   <marc:datafield ind1="1" ind2=" " tag="100">
      <marc:subfield code="a">Rüsse, Heiko</marc:subfield>
   </marc:datafield>
   <marc:datafield ind1="1" ind2=" " tag="100">
      <marc:subfield code="a">Buschenhagen, Jutta</marc:subfield>
   </marc:datafield>
   <marc:datafield ind1="1" ind2=" " tag="100">
      <marc:subfield code="a">Kiilerich, Karsten</marc:subfield>
   </marc:datafield>
   <marc:datafield ind1="0" ind2="0" tag="245">
      <marc:subfield code="a">Benjamin Blümchen - Die Eichhörnchenbande</marc:subfield>
   </marc:datafield>
   <marc:datafield ind1="0" ind2="0" tag="245">
      <marc:subfield code="c">Regie: Karsten Kiilerich ; Produktion: Jutta Buschenhagen ; Musik: Heiko Rüsse</marc:subfield>
   </marc:datafield>
   <marc:datafield ind1=" " ind2="1" tag="264">
      <marc:subfield code="a">Berlin</marc:subfield>
      <marc:subfield code="b">KIDDINX</marc:subfield>
      <marc:subfield code="c">2003</marc:subfield>
   </marc:datafield>
   <marc:datafield ind1="1" ind2=" " tag="490">
      <marc:subfield code="a">Benjamin Blümchen</marc:subfield>
   </marc:datafield>
   <marc:datafield ind1="1" ind2=" " tag="520">
      <marc:subfield code="a">DIE EICHHÖRNCHENBAND: Im Neustädter Zoo wird geklaut! Ottos Erdnüsse und die Esskastanien von Herrn Tierlieb sind verschwunden. Die Diebe sind drei Eichhörnchen, die Wintervorräte anlegen. Da kann ihnen keiner böse sein! Doch als die silberne Walnussbrosche des Barons von Zwiebelschreck verschwindet, fängt sein Butler die Eichhörnchenbande ein. Benjamin ist empört. DAS LATERNENFEST: Zoodirektor Tierlieb kann das Tierfutter nicht bezahlen. Rudi Raffke, der Futterhändler, will deshalb Zarah Zebra als Pfand mitnehmen. Das lässt Benjamin natürlich nicht zu. Er hat die Idee, ein Laternenfest zu veranstalten, bei dem die Zootiere und alle Besucherkinder gemeinsam Geld für Futter sammeln. Doch Rudi Raffke will nicht warten und schleicht in den Zoo...</marc:subfield>
   </marc:datafield>
   <marc:datafield ind1="0" ind2=" " tag="490">
      <marc:subfield code="v">0</marc:subfield>
   </marc:datafield>
   <marc:datafield ind1=" " ind2=" " tag="300">
      <marc:subfield code="a">1 DVD (60 Min.)</marc:subfield>
   </marc:datafield>
</marc:record>
